Plan de mejora en el componente de seguridad industrial e higiene laboral para la Empresa Helados Belén, Estelí-Nicaragua

El estudio presenta un plan de mejora en el componente de seguridad industrial e higiene laboral, para la empresa helados belén, para la recolección de datos se aplicaron métodos cualitativos y cuantitativos como: observación de las áreas, entrevistas y encuestas, también todos los soportes de...

Full description

Bibliographic Details
Main Authors: Mendoza Herrera, Luz Edelma, González Medina, Dora Mariela, Castro Meléndez, Rosa Angélica
Other Authors: Tutor: Díaz Corrales, Alba Veranay
Format: Tesis Section = Libro
Language:Undetermined
Spanish
Published: Estelí UNI/RUACS 2019
Subjects:
LEADER 01828nam a2200277Ia 4500
008 240830s9999 xx 000 0 und d
040 |a BIBLIOTECA-RUPAP Mon 658.38 M539 
041 |a spa 
082 |a Mon 658.38 M539 
100 1 |a Mendoza Herrera, Luz Edelma 
100 1 |b  González Medina, Dora Mariela 
100 1 |c  Castro Meléndez, Rosa Angélica 
245 1 0 |a Plan de mejora en el componente de seguridad industrial e higiene laboral para la Empresa Helados Belén, Estelí-Nicaragua 
260 |a Estelí  |b UNI/RUACS  |c 2019 
300 |a 179 p. :il. 
500 |a Contiene: anexos y CD. 
502 |a Tesis (Ingeniero Agroindustrial)- UNI, 2019. 
520 3 |a El estudio presenta un plan de mejora en el componente de seguridad industrial e higiene laboral, para la empresa helados belén, para la recolección de datos se aplicaron métodos cualitativos y cuantitativos como: observación de las áreas, entrevistas y encuestas, también todos los soportes de evaluación de riesgos establecidos por el MITRAB, la presencia de riesgos en las diferentes áreas fueron del tipo físicos y ergonómicos, afectando principalmente el área de ventas y en menor incidencia en el área de producción, biológicos y químicos, este ultimo en el personal que realiza la limpieza, el plan de acción elaborado para el control de los riesgos, esta orientado principalmente a minimizarla incidencia a los riesgos encontrados. Determina el costo de inversión para la implementación del plan propuesta en la empresa helados Belén. 
650 7 |a SEGURIDAD INDUSTRIAL 
650 7 |b RIESGOS LABORALES DE PUESTO DE TRABAJO 
650 7 |c HIGIENE Y SEGURIDAD OCUPACIONAL 
650 7 |d PLAN DE MEJORA 
700 1 |a Tutor:  |b Díaz Corrales, Alba Veranay 
942 |c BK  |2 ddc 
991 |a TESIS 
999 |c 17140